Extensible Markup Language-X M L (Record no. 56)

MARC details
000 -LEADER
fixed length control field 00379nam a22001577a 4500
005 - DATE AND TIME OF LATEST TRANSACTION
control field 20180209124059.0
008 - FIXED-LENGTH DATA ELEMENTS--GENERAL INFORMATION
fixed length control field 160426b xxu||||| |||| 00| 0 eng d
020 ## - INTERNATIONAL STANDARD BOOK NUMBER
ISBN N/A
041 ## - LANGUAGE CODE
Language code of text/sound track or separate title eng
082 ## - DEWEY DECIMAL CLASSIFICATION NUMBER
Item number 00177
Classification number 006.74
100 ## - MAIN ENTRY--AUTHOR NAME
Personal name WEB COM Tehnologies
245 ## - TITLE STATEMENT
Title Extensible Markup Language-X M L
260 ## - PUBLICATION, DISTRIBUTION, ETC. (IMPRINT)
Place of publication Delhi-34
Name of publisher Webcom Technologies,
300 ## - PHYSICAL DESCRIPTION
Number of Pages 106
942 ## - ADDED ENTRY ELEMENTS (KOHA)
Koha item type Books
Holdings
Lost status Damaged status Collection code Home library Current library Shelving location Date acquired Full call number Accession Number Koha item type
    CS/IT JRU Library JRU Library SHELF-75-L 26/04/2016 00177 00177 Books